000 00716nam a2200217Ii 4500
003 JO-AjNU
008 230605s9999||||xx |||||||||||||| ||und||
017 _a2001/10/2069
040 _aJO-AjNU
_bara
_erda
_cJO-AjNU
041 _aara
050 1 4 _aTA350.S5724 2002
100 3 _aستراك ، باسل جميل ,
_eauthor
_935298
245 0 0 _aالهندسة الميكانيكة =Michanical Engineering
250 _aط1
264 3 1 _aعمان: مؤسسة الرساله، 2002
300 _a400ص
336 _atext
_btxt
_2rdacontent
337 _aunmediated
_bn
_2rdamedia
338 _avolume
_bnc
_2rdacarrier
650 4 _aالهندسة-الرياضيات-الهندسة الميكانيكية
_935299
999 _aA14559
_c18127
_d18127